Online
Catalog

Principios de fonología y fonética españolas / (Record no. 40304)

MARC details
000 -CABECERA
campo de control de longitud fija 00870nam a2200205 a 4500
001 - NÚMERO DE CONTROL
campo de control 000040814
005 - FECHA Y HORA DE LA ÚLTIMA TRANSACCIÓN
campo de control 20201002034411.0
008 - DATOS DE LONGITUD FIJA--INFORMACIÓN GENERAL
campo de control de longitud fija 130906s2009 sp 000 0 spa d
020 ## - NÚMERO INTERNACIONAL ESTÁNDAR DEL LIBRO
Número Internacional Estándar del Libro 9788476352502
040 ## - FUENTE DE LA CATALOGACIÓN
Centro catalogador/agencia de origen DO-SdBNP
Lengua de catalogación spa
Centro/agencia transcriptor BNPHU
100 1# - ENTRADA PRINCIPAL--NOMBRE DE PERSONA
Nombre de persona Quilis, Antonio
9 (RLIN) 28481
245 10 - MENCIÓN DE TÍTULO
Título Principios de fonología y fonética españolas /
Mención de responsabilidad, etc. Antonio Quilis.
250 ## - MENCIÓN DE EDICIÓN
Mención de edición 9ª ed.
260 ## - PUBLICACIÓN, DISTRIBUCIÓN, ETC.
Lugar de publicación, distribución, etc. Madrid :
Nombre del editor, distribuidor, etc. Arco Libros,
Fecha de publicación, distribución, etc. 2009.
300 ## - DESCRIPCIÓN FÍSICA
Extensión 96 p. ;
Dimensiones 22 cm.
490 1# - MENCIÓN DE SERIE
Mención de serie Cuadernos de lengua española ;
Designación de volumen o secuencia 43
504 ## - NOTA DE BIBLIOGRAFÍA, ETC.
Nota de bibliografía, etc. Incluye referencias bibliográficos y notas al pie de las páginas
505 0# - NOTA DE CONTENIDO CON FORMATO
Título Fonología y fonética --
-- Articulación del sonido --
-- Acústica del sonido --
-- Vocales --
-- Consonantes --
-- La sílaba --
-- El acento --
-- La entonación --
-- Alfabetos fonéticos --
-- Ejercicios --
-- Soluciones--
830 #0 - PUNTO DE ACCESO ADICIONAL DE SERIE-TÍTULO UNIFORME
Título uniforme Cuadernos de lengua española ;
Número de parte o sección de la obra 43
9 (RLIN) 67236
Holdings
Estado de retiro Estado de pérdida Restricciones de uso No para préstamo Código de colección Localización permanente Ubicación/localización actual Ubicación en estantería Fecha de adquisición Número de inventario Total de préstamos Signatura topográfica completa Código de barras Fecha visto por última vez Precio válido a partir de Tipo de ítem Koha
      Excluido de préstamo Monografías: Libros y Folletos General General En catalogación 06.09.2013 LF1   40814-10 25.06.2020 25.06.2020 No se presta

Powered by Koha